| 000 | 00827nam a22002057a 4500 | ||
|---|---|---|---|
| 999 |
_c372169 _d372169 |
||
| 008 | 201127b ||||| |||| 00| 0 eng d | ||
| 040 |
_aDE-2950 _bger _cDE-2950 _erda |
||
| 041 | _ager | ||
| 245 |
_aMcDonalds plant Bau einer zweiten Filiale in der Oderstadt. _bBürger und Pommes. In Frankfurt ist der Fastfood-Riese bisher nur mit einem Restaurant nahe der Stadtbrücke vertreten. Jetzt soll ein weiteres dazukommen. / _cThomas Gutke. |
||
| 264 | _c2023 | ||
| 653 | _aFrankfurt (Oder) | ||
| 653 | _aMcDonalds | ||
| 653 | _aSpitzkrug Multi Center | ||
| 653 | _aSMC | ||
| 773 |
_dFrankfurt (Oder) Märkisches Verlags- und Druckhaus GmbH & Co KG _tMärkische Oderzeitung _g34. Jahrgang (2023) Nr. 20 vom 24.01.2023, S.13: Mit Foto |
||
| 942 | _cA | ||